Statistics for 10 Most Common Addictions in the U.S.

Click here to take the quiz!

General Stats

  • This quiz has been taken 165 times
  • The average score is 4 of 10

Answer Stats

# of AddictsAddictive Substance% Correct
18 MillionAlcohol
92%
Over 40 MillionTobacco
90%
4.2 MillionMarijuana
62%
821,000Cocaine
51%
426,000Heroin
43%
329,000Stimulants
31%
1.8 MillionPrescription Pain Killers
28%
400,000Benzodiazepines
6%
78,000Sedatives
3%
140,000Inhalants
2%

Score Distribution

Percentile by Number Answered

Percent of People with Each Score

Your Score History

You have not taken this quiz